000 00591nam a2200181 a 4500
001 000006579
005 20200929153944.0
008 090901s1987 dr 001 0 spa d
040 _aDO-SdBNP
_bspa
_cBNPHU
082 _a922.2
_bJ61a
100 1 _aJiménez, Ramón Emilio
_918265
245 1 3 _aEl arzobispo Nouel /
_cRamón Emilio Jiménez.
260 _aSanto Domingo :
_bFundación García Arévalo,
_c1987.
300 _a65 p. ;
_c23 cm.
490 1 _aHombres de iglesia ;
_v3
600 1 0 _aMONZÓN MARTÍN Y PUENTE, BIENVENIDO,
_d1820-1889
_918266
830 0 _aHombres de iglesia ;
_n3
_918267
999 _c6370
_d6370